[Event "XXXIV Memorial Edoardo Crespi Magistrale"]
[Site "Milano ITA"]
[Date "2013.12.03"]
[Round "4"]
[White "Rusev, Krasimir"]
[Black "Roeder, Matthias"]
[WhiteElo "2539"]
[BlackElo "2419"]
[Result "1-0"]
[PlyCount "107"]
[EventDate "2013.11.30"]

1. c4 g6 2. d4 Nf6 3. Nc3 Bg7 4. e4 d6 5. Be2 O-O 6. Be3 c6 7. h3 Na6 8. Nf3 e5
9. dxe5 dxe5 10. Qxd8 Rxd8 11. O-O Nh5 12. Rfd1 Be6 13. Rxd8+ Rxd8 14. Bxa7 Nf4
15. Bf1 Nb4 16. Bb6 Rd7 17. Ng5 Bf6 18. Nxe6 Nxe6 19. a3 Nc2 20. Rc1 Ncd4 21.
b4 Bg5 22. Rd1 h5 23. a4 Kg7 24. a5 h4 25. c5 Bd2 26. Rxd2 Nf3+ 27. gxf3 Rxd2
28. b5 Rc2 29. bxc6 bxc6 30. Nd1 Rc1 31. Ne3 Nf4 32. Kh2 Rb1 33. a6 Rb2 34. a7
Rxf2+ 35. Kg1 Ra2 36. Nc4 Ne6 37. Ba5 Nd4 38. Bg2 Ne2+ 39. Kh2 Nd4 40. a8=Q
Nxf3+ 41. Kh1 Ra1+ 42. Bf1 Ra2 43. Nd2 Nxd2 44. Bg2 Ra1+ 45. Kh2 Ra2 46. Kg1
Ra1+ 47. Kf2 Nc4 48. Qxc6 Ra2+ 49. Kg1 Rxa5 50. Qd5 Ra1+ 51. Kh2 Rc1 52. c6 Rc2
53. Qc5 Rxg2+ 54. Kxg2 1-0

[Event "XXXIV Memorial Edoardo Crespi Magistrale"]
[Site "Milano ITA"]
[Date "2013.12.03"]
[Round "4"]
[White "Sardo, Gabriele"]
[Black "Brociner, Beniamino"]
[WhiteElo "2198"]
[BlackElo "2072"]
[Result "1-0"]
[PlyCount "85"]
[EventDate "2013.11.30"]

1. d4 Nf6 2. c4 d6 3. Nc3 e5 4. Nf3 Nbd7 5. e4 Be7 6. Be2 O-O 7. O-O c6 8. Rb1
a5 9. d5 Nc5 10. Nd2 Nfd7 11. dxc6 bxc6 12. Nf3 f5 13. exf5 Nf6 14. Be3 Bxf5
15. Rc1 Ncd7 16. Qd2 Rb8 17. b3 Kh8 18. Rfd1 d5 19. cxd5 cxd5 20. Nxd5 Ba3 21.
Rc4 Ne4 22. Qe1 Bd6 23. Bd3 Nec5 24. Bxf5 Rxf5 25. Bxc5 Bxc5 26. Ne3 Bxe3 27.
Qxe3 Qe8 28. Qd3 e4 29. Rxe4 Ne5 30. Rxe5 Rxe5 31. Nxe5 Qxe5 32. Qd8+ Qe8 33.
Qxa5 h6 34. g3 Ra8 35. Qd2 Qg6 36. Rc1 Re8 37. b4 Qa6 38. Rc2 Re5 39. Qc3 Qb5
40. a3 Kh7 41. Kg2 Qb7+ 42. Qf3 Qd7 43. Rc5 1-0

[Event "XXXIV Memorial Edoardo Crespi Magistrale"]
[Site "Milano ITA"]
[Date "2013.12.03"]
[Round "4"]
[White "Tonndorf, Matthias"]
[Black "Sanchez, Joseph"]
[WhiteElo "2219"]
[BlackElo "2529"]
[Result "0-1"]
[PlyCount "92"]
[EventDate "2013.11.30"]

1. e4 c5 2. Nf3 Nc6 3. d4 cxd4 4. Nxd4 Nf6 5. Nc3 e5 6. Ndb5 d6 7. Bg5 a6 8.
Na3 b5 9. Nd5 Be7 10. Bxf6 Bxf6 11. c3 O-O 12. Nc2 Rb8 13. Be2 Bg5 14. O-O Kh8
15. Bg4 Be6 16. Bxe6 fxe6 17. Ndb4 Rb6 18. Nxc6 Rxc6 19. Nb4 Rc4 20. Nxa6 Qb6
21. Nb4 Rxe4 22. a4 bxa4 23. Rxa4 Be7 24. Ra6 Qb7 25. Qa4 Re2 26. Qc6 Qxc6 27.
Nxc6 Bg5 28. Nb4 Rxb2 29. g3 Rd2 30. h4 Bf6 31. Rfa1 e4 32. Ra8 Kg8 33. Rxf8+
Kxf8 34. Ra8+ Kf7 35. Rc8 Kg6 36. Kf1 Kf5 37. Ke1 Rb2 38. Kf1 h5 39. Nc6 Rc2
40. Rf8 e5 41. Rc8 d5 42. Nb4 Rc1+ 43. Ke2 d4 44. Kd2 Rb1 45. Nc2 Kg4 46. Rc5
d3 0-1

[Event "XXXIV Memorial Edoardo Crespi Magistrale"]
[Site "Milano ITA"]
[Date "2013.12.03"]
[Round "4"]
[White "Tramalloni, Luca"]
[Black "Calella, Sergio"]
[WhiteElo "2067"]
[BlackElo "2029"]
[Result "1/2-1/2"]
[PlyCount "92"]
[EventDate "2013.11.30"]

1. d4 Nf6 2. Bg5 g6 3. Bxf6 exf6 4. c4 Bg7 5. e3 O-O 6. Nc3 d6 7. g3 Nd7 8. Bg2
f5 9. Nge2 Nf6 10. O-O c6 11. b4 Re8 12. Qd3 Qe7 13. a4 Ne4 14. Rfe1 h5 15. b5
h4 16. a5 hxg3 17. hxg3 g5 18. Rab1 Bh6 19. Rb2 Bd7 20. bxc6 bxc6 21. Reb1 Nxc3
22. Nxc3 f4 23. e4 g4 24. gxf4 Bxf4 25. Ne2 Bg5 26. Ng3 Qf6 27. Rb7 Be6 28.
R7b2 Bd7 29. Rb7 Be6 30. R7b2 Bd7 31. Nf5 Bxf5 32. exf5 d5 33. cxd5 cxd5 34.
Rb7 Red8 35. Qb3 Qxd4 36. Rd1 Qc4 37. Bxd5 Qxb3 38. Bxb3 Rxd1+ 39. Bxd1 Kf8 40.
Bxg4 a6 41. Bf3 Bd8 42. Bd5 f6 43. Rf7+ Ke8 44. Rg7 Rc8 45. Rg8+ Ke7 46. Bb7
Rc5 1/2-1/2

[Event "XXXIV Memorial Edoardo Crespi Magistrale"]
[Site "Milano ITA"]
[Date "2013.12.04"]
[Round "5"]
[White "Aleksic, Nenad"]
[Black "Sardo, Gabriele"]
[WhiteElo "2351"]
[BlackElo "2198"]
[Result "1-0"]
[PlyCount "69"]
[EventDate "2013.11.30"]

1. e4 c5 2. Nf3 e6 3. Nc3 d6 4. d4 cxd4 5. Nxd4 a6 6. g3 Nf6 7. Bg2 Be7 8. O-O
O-O 9. Be3 Qc7 10. g4 Re8 11. g5 Nfd7 12. f4 Nb6 13. Kh1 Bf8 14. Qe1 Nc6 15.
Rd1 Nc4 16. Bc1 Nxd4 17. Rxd4 b5 18. Rd3 Bb7 19. a3 g6 20. b3 Nb6 21. Bb2 Bg7
22. Qh4 Nd7 23. Nd5 Bxd5 24. Bxg7 Kxg7 25. exd5 e5 26. f5 gxf5 27. Rxf5 Nf8 28.
Be4 Qc5 29. Rf1 Ra7 30. Rh3 Rc8 31. Qh6+ Kg8 32. Bxh7+ Nxh7 33. Qxh7+ Kf8 34.
Qh8+ Ke7 35. Qf6+ 1-0

[Event "XXXIV Memorial Edoardo Crespi Magistrale"]
[Site "Milano ITA"]
[Date "2013.12.04"]
[Round "5"]
[White "Andreoni, Giuseppe"]
[Black "Rusev, Krasimir"]
[WhiteElo "2082"]
[BlackElo "2539"]
[Result "0-1"]
[PlyCount "140"]
[EventDate "2013.11.30"]

1. e4 e5 2. Nf3 d6 3. d4 exd4 4. Nxd4 Nf6 5. Nc3 Be7 6. Bc4 O-O 7. O-O c6 8. a4
a5 9. Re1 Re8 10. h3 Bf8 11. Bf4 Nbd7 12. Bh2 Qb6 13. Qd2 Ne5 14. Be2 Be6 15.
b3 Rad8 16. Kh1 Bc8 17. Bf1 Ng6 18. Nf3 d5 19. exd5 Rxe1 20. Rxe1 Bb4 21. Qd3
cxd5 22. Re2 Be6 23. Nb5 Rc8 24. Nfd4 Bd7 25. Bg3 Ne4 26. Rxe4 dxe4 27. Qxe4
Re8 28. Qd3 h5 29. Nf3 Bc6 30. Nbd4 Be4 31. Qb5 Qxb5 32. Bxb5 Rc8 33. Bc4 Rd8
34. Kh2 Rd7 35. Ng5 h4 36. Bb8 Bd5 37. Bb5 Rd8 38. Bc7 Rc8 39. Bb6 Bc3 40. Ngf3
f6 41. Bd7 Ra8 42. Bf5 Ne7 43. Bd3 g5 44. Nb5 Bxf3 45. Nxc3 Bc6 46. g3 Kf7 47.
f4 hxg3+ 48. Kxg3 gxf4+ 49. Kxf4 Bd7 50. h4 Rh8 51. Bxa5 Rxh4+ 52. Kf3 Nc6 53.
Bc7 Nb4 54. Ne4 Bc6 55. Bg3 Rh1 56. Kf4 Nxd3+ 57. cxd3 Bxe4 58. dxe4 Ke6 59.
Ke3 Rb1 60. Kd4 Rxb3 61. Be1 Ra3 62. a5 Ra4+ 63. Ke3 f5 64. exf5+ Kxf5 65. Kd3
Ke6 66. Kc2 Kd5 67. Kb3 Rg4 68. Bf2 Kc6 69. Bb6 Kb5 70. Kc3 Ra4 0-1

[Event "XXXIV Memorial Edoardo Crespi Magistrale"]
[Site "Milano ITA"]
[Date "2013.12.04"]
[Round "5"]
[White "Arnaudov, G. Petar"]
[Black "De Verdier, Michael"]
[WhiteElo "2448"]
[BlackElo "2371"]
[Result "1-0"]
[PlyCount "97"]
[EventDate "2013.11.30"]

1. d4 Nf6 2. c4 e6 3. Nf3 Bb4+ 4. Nbd2 O-O 5. a3 Be7 6. e4 d6 7. Be2 a5 8. Qc2
Nbd7 9. b3 e5 10. Bb2 exd4 11. Nxd4 Re8 12. g4 Nc5 13. g5 Ng4 14. h4 Bf8 15.
Rg1 Ne5 16. h5 f5 17. O-O-O f4 18. h6 g6 19. N4f3 Nf7 20. Nh4 Re5 21. Ndf3 Qe7
22. Nxe5 dxe5 23. Nf3 c6 24. Bd3 b5 25. cxb5 Be6 26. Nxe5 Bxb3 27. Nxc6 Qe6 28.
Qc3 Na4 29. Ne7+ Qxe7 30. Qxb3 Rc8+ 31. Kb1 Nxb2 32. Kxb2 Qe5+ 33. Kb1 a4 34.
Qd5 Bxa3 35. Qxe5 Nxe5 36. Bc2 Rc4 37. Rd5 Nf3 38. Rg4 Rb4+ 39. Ka2 Bc1 40. Bd3
a3 41. Rc5 Rb2+ 42. Ka1 Nd4 43. Rc3 Kf8 44. Rg1 Nb3+ 45. Rxb3 Rxb3 46. Rxc1
Rxd3 47. b6 Rb3 48. Rb1 Rxb1+ 49. Kxb1 1-0

[Event "XXXIV Memorial Edoardo Crespi Magistrale"]
[Site "Milano ITA"]
[Date "2013.12.04"]
[Round "5"]
[White "Battistella, Stefano"]
[Black "Calella, Sergio"]
[WhiteElo "2080"]
[BlackElo "2029"]
[Result "1-0"]
[PlyCount "63"]
[EventDate "2013.11.30"]

1. d4 Nf6 2. c4 c5 3. d5 d6 4. Nc3 g6 5. e4 Bg7 6. Nge2 O-O 7. Ng3 Na6 8. Be2
Nc7 9. O-O Rb8 10. Be3 a6 11. a4 b5 12. axb5 axb5 13. cxb5 Bd7 14. f4 Nxb5 15.
e5 Ne8 16. Nce4 dxe5 17. f5 Nd4 18. fxg6 hxg6 19. Ra2 Qb6 20. Bc4 Nd6 21. Nxd6
exd6 22. Ne4 Bf5 23. Ra6 Qxb2 24. Nxd6 Qc3 25. Bxd4 cxd4 26. Rxf5 gxf5 27. Nxf5
f6 28. Rc6 Rf7 29. d6 Kf8 30. Ne7 Qe3+ 31. Kh1 Rb2 32. Rc8# 1-0

[Event "XXXIV Memorial Edoardo Crespi Magistrale"]
[Site "Milano ITA"]
[Date "2013.12.04"]
[Round "5"]
[White "Bonazzi, Edoardo"]
[Black "Tonndorf, Matthias"]
[WhiteElo "2099"]
[BlackElo "2219"]
[Result "0-1"]
[PlyCount "90"]
[EventDate "2013.11.30"]

1. Nf3 c5 2. c4 b6 3. g3 Bb7 4. Bg2 Nf6 5. O-O e6 6. Nc3 Be7 7. d4 cxd4 8. Qxd4
O-O 9. b3 d6 10. Rd1 Nbd7 11. Bb2 a6 12. Rac1 Qc7 13. e4 Rac8 14. Qe3 Qb8 15.
Qe2 Qa8 16. Nd2 Rfe8 17. h3 Bf8 18. Kh2 Bc6 19. f4 g6 20. Re1 Nh5 21. Nf3 Qb8
22. Rcd1 Rcd8 23. Nd4 Ba8 24. Qf2 Bg7 25. Rf1 Qc7 26. Nf3 Nc5 27. Qc2 Nxe4 28.
Nxe4 Bxe4 29. Qxe4 Bxb2 30. Nd4 d5 31. Qb1 Bxd4 32. Rxd4 e5 33. fxe5 Qxe5 34.
Rd3 dxc4 35. bxc4 Rxd3 36. Qxd3 Kg7 37. Rb1 Re6 38. Qb3 f6 39. Rd1 Rd6 40. Rd3
Rxd3 41. Qxd3 f5 42. Bd5 f4 43. gxf4 Nxf4 44. Qg3 Qb2+ 45. Kh1 Qb1+ 0-1

[Event "XXXIV Memorial Edoardo Crespi Magistrale"]
[Site "Milano ITA"]
[Date "2013.12.04"]
[Round "5"]
[White "Brociner, Beniamino"]
[Black "Iudicello, Giovanni"]
[WhiteElo "2072"]
[BlackElo "2134"]
[Result "1-0"]
[PlyCount "101"]
[EventDate "2013.11.30"]

1. Nf3 Nf6 2. c4 g6 3. g3 Bg7 4. Bg2 O-O 5. O-O d6 6. d4 Nbd7 7. Nc3 e5 8. h3
c6 9. dxe5 dxe5 10. Be3 Qe7 11. Qa4 Ne8 12. b4 Nc7 13. Qb3 Ne6 14. Rad1 f5 15.
c5 Kh8 16. Rd6 Re8 17. Rfd1 e4 18. Nd4 Nf6 19. Nxe6 Bxe6 20. Qc2 Nd5 21. Nxd5
Bxd5 22. h4 Be5 23. Bd4 Bxd4 24. Rxd4 f4 25. Qc3 Kg8 26. gxf4 Qxh4 27. Qg3 Qh5
28. e3 Re7 29. Rd2 Rg7 30. Bh3 g5 31. f5 g4 32. f6 Rg5 33. Bg2 Rf8 34. Rd7 Qh6
35. Qd6 Qxf6 36. Qxf6 Rxf6 37. Rxb7 Rf7 38. Rb8+ Kg7 39. a4 g3 40. b5 gxf2+ 41.
Rxf2 Re7 42. b6 axb6 43. cxb6 c5 44. a5 Bb7 45. Ra2 Rg6 46. a6 Bxa6 47. Rxa6
Kh6 48. Ra7 Ree6 49. b7 Rb6 50. Rc8 Rb2 51. b8=Q 1-0

[Event "XXXIV Memorial Edoardo Crespi Magistrale"]
[Site "Milano ITA"]
[Date "2013.12.04"]
[Round "5"]
[White "Di Chiara, Mauro"]
[Black "Lavorgna, Giovanni"]
[WhiteElo "2007"]
[BlackElo "1995"]
[Result "1/2-1/2"]
[PlyCount "62"]
[EventDate "2013.11.30"]

1. d4 Nf6 2. Nf3 g6 3. c4 Bg7 4. Nc3 d5 5. cxd5 Nxd5 6. e4 Nxc3 7. bxc3 O-O 8.
Be2 c5 9. Be3 Nc6 10. Qd2 Qa5 11. Rc1 cxd4 12. cxd4 Qxd2+ 13. Kxd2 Rd8 14. d5
e6 15. Bc4 Na5 16. Rhd1 Nxc4+ 17. Rxc4 exd5 18. Ke1 Be6 19. exd5 Bxd5 20. Rc7
Bc6 21. a4 Rxd1+ 22. Kxd1 Bxa4+ 23. Kc1 Bc6 24. Ng5 a5 25. Nxf7 Bxg2 26. Nh6+
Bxh6 27. Bxh6 Bc6 28. Kb2 Ra6 29. Ka3 a4 30. Rg7+ Kh8 31. Rc7 Kg8 1/2-1/2

[Event "XXXIV Memorial Edoardo Crespi Magistrale"]
[Site "Milano ITA"]
[Date "2013.12.04"]
[Round "5"]
[White "Gagliardi, Christian"]
[Black "Bemporad, Filippo"]
[WhiteElo "2216"]
[BlackElo "2026"]
[Result "0-1"]
[PlyCount "38"]
[EventDate "2013.11.30"]

1. e4 c5 2. Nc3 d6 3. f4 Nc6 4. Nf3 g6 5. Bc4 Bg7 6. d3 e6 7. O-O Nge7 8. Qe1
O-O 9. f5 d5 10. Bb3 dxe4 11. dxe4 exf5 12. Qh4 Nd4 13. Bg5 Nxf3+ 14. Rxf3 Qd4+
15. Kh1 fxe4 16. Rxf7 Rxf7 17. Rd1 c4 18. Be3 Qxd1+ 19. Nxd1 cxb3 0-1

[Event "XXXIV Memorial Edoardo Crespi Magistrale"]
[Site "Milano ITA"]
[Date "2013.12.04"]
[Round "5"]
[White "Loehnhardt, Benjamin"]
[Black "Gori, Andrea"]
[WhiteElo "2029"]
[BlackElo "2065"]
[Result "1-0"]
[PlyCount "47"]
[EventDate "2013.11.30"]

1. d4 Nf6 2. c4 e6 3. Nf3 d5 4. g3 c6 5. Bg2 Nbd7 6. Qc2 Be7 7. O-O Ne4 8. Nbd2
f5 9. b3 O-O 10. Bb2 Rf6 11. Ne5 Rh6 12. Rad1 Qe8 13. Nxe4 Qh5 14. h3 fxe4 15.
Ng4 Rg6 16. f3 Bd6 17. fxe4 Bxg3 18. Rf3 Rxg4 19. hxg4 Qh2+ 20. Kf1 Nf6 21. Ba3
dxe4 22. Qxe4 h5 23. Rxf6 Bd7 24. Qg6 1-0

[Event "XXXIV Memorial Edoardo Crespi Magistrale"]
[Site "Milano ITA"]
[Date "2013.12.04"]
[Round "5"]
[White "Mrdja, Milan"]
[Black "Naumkin, Igor"]
[WhiteElo "2388"]
[BlackElo "2460"]
[Result "0-1"]
[PlyCount "48"]
[EventDate "2013.11.30"]

1. e4 e5 2. Nf3 Nc6 3. Bb5 a6 4. Ba4 Nf6 5. Qe2 b5 6. Bb3 Be7 7. O-O O-O 8. c3
d6 9. d3 h6 10. Nbd2 Re8 11. Re1 Bf8 12. Nf1 Be6 13. Ng3 d5 14. Bd2 Qd7 15.
Rad1 Rad8 16. Bc1 Qc8 17. h3 a5 18. a3 dxe4 19. Bxe6 exf3 20. Bxf7+ Kxf7 21.
Qxf3 Re6 22. b4 axb4 23. axb4 Kg8 24. Be3 Ne7 0-1

[Event "XXXIV Memorial Edoardo Crespi Magistrale"]
[Site "Milano ITA"]
[Date "2013.12.04"]
[Round "5"]
[White "Nicolo', Filippo"]
[Black "Astengo, Corrado"]
[WhiteElo "2071"]
[BlackElo "2083"]
[Result "0-1"]
[PlyCount "106"]
[EventDate "2013.11.30"]

1. e4 c5 2. Nf3 e6 3. c3 Nf6 4. e5 Nd5 5. d4 cxd4 6. cxd4 d6 7. Bc4 dxe5 8.
dxe5 Bb4+ 9. Bd2 Bxd2+ 10. Nbxd2 O-O 11. O-O b6 12. Qe2 Bb7 13. Qe4 Nd7 14. Bd3
g6 15. Qg4 Nc5 16. Bc4 Rc8 17. a3 a5 18. Rad1 Qe7 19. Ng5 h6 20. Ngf3 Rfd8 21.
h4 h5 22. Qg3 Ne4 23. Nxe4 Rxc4 24. Nfg5 Rf8 25. Rxd5 Bxd5 26. Nf6+ Kh8 27. Qe3
Kg7 28. Qg3 Kh8 29. Qe3 Kg7 30. Qg3 Rh8 31. Rd1 Bc6 32. Rd6 Rc5 33. Nge4 Bxe4
34. Nxe4 Rd5 35. Rxb6 Qc7 36. Qe3 Qxe5 37. g3 Rd4 38. f3 Rhd8 39. Kf2 Rd3 40.
Qc5 Qxc5+ 41. Nxc5 R3d5 42. b4 axb4 43. axb4 Ra8 44. Ke3 Ra1 45. Rb7 Re1+ 46.
Kf2 Ree5 47. f4 Rd2+ 48. Kf3 Re1 49. b5 Rd5 50. Nd7 Rd3+ 51. Kf2 Rb1 52. Ne5
Rb2+ 53. Ke1 Rxg3 0-1

[Event "XXXIV Memorial Edoardo Crespi Magistrale"]
[Site "Milano ITA"]
[Date "2013.12.04"]
[Round "5"]
[White "Pelizzola, Danilo"]
[Black "Pavlidis, Anastasios"]
[WhiteElo "2117"]
[BlackElo "2342"]
[Result "0-1"]
[PlyCount "102"]
[EventDate "2013.11.30"]

1. e4 e5 2. Nf3 Nc6 3. Bb5 a6 4. Ba4 Nf6 5. O-O Be7 6. Re1 b5 7. Bb3 d6 8. c3
O-O 9. h3 Bb7 10. d4 Nd7 11. Nbd2 exd4 12. cxd4 Bf6 13. Nf1 Na5 14. Bc2 Re8 15.
Ng3 g6 16. Bf4 c5 17. Bxd6 cxd4 18. Rb1 Nc4 19. Bf4 Nc5 20. Bd3 Ne6 21. Bc1 Rc8
22. b3 Ne5 23. Nxe5 Bxe5 24. Qg4 Rc3 25. Rd1 Nc5 26. Bf1 Bxg3 27. fxg3 Rxe4 28.
Bf4 f5 29. Qg5 Qxg5 30. Bxg5 Rxg3 31. Bf6 Ne6 32. Rb2 f4 33. Kh2 Rc3 34. Rbd2
f3 35. gxf3 Rxf3 36. Be7 Ref4 37. Kg1 Rf7 38. Bd6 Ng5 39. Bg2 Nxh3+ 40. Kh2 Rf2
41. Kxh3 Bxg2+ 42. Kh4 Rxd2 43. Rxd2 Bb7 44. Rxd4 h6 45. a4 Rf3 46. Be5 Rxb3
47. Rd8+ Kf7 48. Rd7+ Ke6 49. Rxb7 Kxe5 50. Re7+ Kf6 51. Re4 Kf5 0-1

[Event "XXXIV Memorial Edoardo Crespi Magistrale"]
[Site "Milano ITA"]
[Date "2013.12.04"]
[Round "5"]
[White "Quaranta, Cristiano"]
[Black "D'Alfonso, Nicola"]
[WhiteElo "2169"]
[BlackElo "2032"]
[Result "0-1"]
[PlyCount "60"]
[EventDate "2013.11.30"]

1. Nf3 Nf6 2. c4 e6 3. g3 d5 4. b3 Bd6 5. Bb2 O-O 6. Bg2 Nbd7 7. d4 c6 8. Nc3
Qe7 9. a3 dxc4 10. bxc4 e5 11. d5 cxd5 12. cxd5 e4 13. Nd4 e3 14. fxe3 Nc5 15.
e4 Nfxe4 16. Nxe4 Nxe4 17. Qd3 Bb4+ 18. axb4 Qxb4+ 19. Bc3 Nxc3 20. Kf2 Rd8 21.
e4 f5 22. exf5 Nxd5 23. Rab1 Qd6 24. Qc4 Kh8 25. Nb5 Qe5 26. Rhe1 Qxf5+ 27. Kg1
Ne3 28. Qh4 Rd2 29. Be4 Qf2+ 30. Kh1 Bf5 0-1

[Event "XXXIV Memorial Edoardo Crespi Magistrale"]
[Site "Milano ITA"]
[Date "2013.12.04"]
[Round "5"]
[White "Ricci, Marco"]
[Black "Tramalloni, Luca"]
[WhiteElo "2068"]
[BlackElo "2067"]
[Result "1/2-1/2"]
[PlyCount "23"]
[EventDate "2013.11.30"]

1. e4 e6 2. d4 d5 3. exd5 exd5 4. Bd3 Nc6 5. c3 Bd6 6. Qf3 Nge7 7. Bf4 Be6 8.
Ne2 Ng6 9. Bxd6 Qxd6 10. Qg3 Qd7 11. Nd2 O-O-O 12. Nb3 1/2-1/2

[Event "XXXIV Memorial Edoardo Crespi Magistrale"]
[Site "Milano ITA"]
[Date "2013.12.04"]
[Round "5"]
[White "Roeder, Matthias"]
[Black "Motola, Jacopo"]
[WhiteElo "2419"]
[BlackElo "2073"]
[Result "1-0"]
[PlyCount "105"]
[EventDate "2013.11.30"]

1. Nf3 Nc6 2. d4 d5 3. Bf4 Nf6 4. e3 Bf5 5. c4 e6 6. Nc3 Bd6 7. Bg5 Be7 8. Rc1
O-O 9. Be2 h6 10. cxd5 exd5 11. Bf4 Ne4 12. Nd2 Nxc3 13. Rxc3 Bd6 14. Bxd6 Qxd6
15. Qb3 Rab8 16. O-O Ne7 17. Qa3 Qxa3 18. Rxa3 a6 19. Rc1 c6 20. Nb3 Rfc8 21.
Nc5 a5 22. g4 Be6 23. Nxe6 fxe6 24. Rxa5 Ra8 25. Rxa8 Rxa8 26. a3 g5 27. Bd3
Nc8 28. Kg2 Nd6 29. h4 Kg7 30. hxg5 hxg5 31. Kg3 Rh8 32. a4 Kf6 33. a5 Rc8 34.
b4 e5 35. dxe5+ Kxe5 36. Rh1 c5 37. bxc5 Rxc5 38. Rh5 Kf6 39. Rh6+ Ke5 40. f4+
gxf4+ 41. exf4+ Kd4 42. Rxd6 Kxd3 43. g5 Rxa5 44. g6 d4 45. Kg4 Ke3 46. g7 Ra8
47. Kg5 d3 48. f5 d2 49. f6 Ra1 50. f7 Ra5+ 51. Kh4 Ra4+ 52. Kh3 Ra6 53. f8=Q
1-0

[Event "XXXIV Memorial Edoardo Crespi Magistrale"]
[Site "Milano ITA"]
[Date "2013.12.04"]
[Round "5"]
[White "Sanchez, Joseph"]
[Black "Bejtovic, Jasmin"]
[WhiteElo "2529"]
[BlackElo "2394"]
[Result "1-0"]
[PlyCount "75"]
[EventDate "2013.11.30"]

1. e4 c5 2. Nf3 Nc6 3. d4 cxd4 4. Nxd4 g6 5. Nc3 Bg7 6. Be3 Nf6 7. Bc4 Qa5 8.
O-O O-O 9. Nb3 Qc7 10. f4 d6 11. Be2 b6 12. Bf3 Ba6 13. Re1 Rfd8 14. g4 e6 15.
Nd4 Nxd4 16. Bxd4 e5 17. Bf2 Bb7 18. g5 Nd7 19. f5 Nc5 20. Nd5 Bxd5 21. Qxd5
Rac8 22. c3 b5 23. Rad1 Rb8 24. h4 Na4 25. Qd2 Nb6 26. Kg2 d5 27. Qe2 gxf5 28.
exf5 e4 29. Bg4 Nc4 30. f6 Bf8 31. Bg3 Qc6 32. Bf5 Rb7 33. Bxe4 dxe4 34. Rxd8
e3+ 35. Qf3 Qb6 36. Qd5 e2 37. Rxe2 Qe3 38. Rxf8+ 1-0

[Event "XXXIV Memorial Edoardo Crespi Magistrale"]
[Site "Milano ITA"]
[Date "2013.12.04"]
[Round "5"]
[White "Vezzosi, Paolo"]
[Black "Rettore, Ludwig"]
[WhiteElo "2263"]
[BlackElo "2139"]
[Result "1/2-1/2"]
[PlyCount "44"]
[EventDate "2013.11.30"]

1. e4 e5 2. Nf3 Nc6 3. Bb5 Nf6 4. d3 Bc5 5. c3 O-O 6. O-O d6 7. Be3 Bxe3 8.
fxe3 Ne7 9. Nbd2 c6 10. Ba4 Qb6 11. Nc4 Qc7 12. Bb3 b5 13. Ncd2 c5 14. Nh4 Be6
15. Nf5 Nxf5 16. exf5 Bxb3 17. axb3 d5 18. Ra6 Rfd8 19. Qe2 e4 20. Rf4 Rd7 21.
Ra1 Re8 22. g3 Qb6 1/2-1/2

[Event "XXXIV Memorial Edoardo Crespi Magistrale"]
[Site "Milano ITA"]
[Date "2013.12.05"]
[Round "6"]
[White "Aleksic, Nenad"]
[Black "Roeder, Matthias"]
[WhiteElo "2351"]
[BlackElo "2419"]
[Result "1/2-1/2"]
[PlyCount "28"]
[EventDate "2013.11.30"]

1. e4 c5 2. Nf3 d6 3. c3 Nf6 4. d3 g6 5. Be2 Bg7 6. O-O O-O 7. Nbd2 e5 8. a3
Nc6 9. b4 a6 10. Bb2 h6 11. Re1 Re8 12. Bf1 b5 13. h3 cxb4 14. cxb4 Bb7 1/2-1/2

[Event "XXXIV Memorial Edoardo Crespi Magistrale"]
[Site "Milano ITA"]
[Date "2013.12.05"]
[Round "6"]
[White "Arnaudov, G. Petar"]
[Black "Sanchez, Joseph"]
[WhiteElo "2448"]
[BlackElo "2529"]
[Result "1/2-1/2"]
[PlyCount "57"]
[EventDate "2013.11.30"]

1. d4 Nf6 2. c4 c6 3. Nc3 d5 4. Nf3 a6 5. cxd5 cxd5 6. Bf4 Nc6 7. Rc1 Bf5 8. e3
e6 9. Qb3 Bd6 10. Qxb7 Na5 11. Qxa8 Qxa8 12. Bxd6 Nd7 13. b3 f6 14. Na4 Nc6 15.
Be2 Kf7 16. O-O Rc8 17. Rc3 Na7 18. Rfc1 Rxc3 19. Nxc3 g5 20. Ne1 Qc6 21. Ba3
Qb7 22. Nd3 Bxd3 23. Bxd3 Nb5 24. Bb4 h5 25. Ba5 Ke7 26. Bb4+ Kf7 27. Ba5 Ke7
28. Nxb5 axb5 29. Bb4+ 1/2-1/2

[Event "XXXIV Memorial Edoardo Crespi Magistrale"]
[Site "Milano ITA"]
[Date "2013.12.05"]
[Round "6"]
[White "Astengo, Corrado"]
[Black "Gagliardi, Christian"]
[WhiteElo "2083"]
[BlackElo "2216"]
[Result "1-0"]
[PlyCount "65"]
[EventDate "2013.11.30"]

1. e4 c5 2. Nf3 Nc6 3. d4 cxd4 4. Nxd4 e6 5. Nc3 Qc7 6. Be3 a6 7. Bd3 Nf6 8.
O-O Nxd4 9. Bxd4 Bc5 10. Bxc5 Qxc5 11. Qe2 d6 12. Kh1 e5 13. Bc4 b5 14. Bb3 Bb7
15. Rad1 O-O 16. Nd5 Bxd5 17. Bxd5 Rab8 18. Rd3 b4 19. Rfd1 a5 20. Bb3 Rb6 21.
Rf3 Qc7 22. Rdd3 Qe7 23. Rg3 Rfb8 24. Rdf3 Kh8 25. Rh3 R6b7 26. Rd3 Ra7 27. g4
Nd7 28. Rdf3 Rf8 29. Qe3 Nc5 30. Rh5 Nxb3 31. Rfh3 g6 32. Rxh7+ Kg8 33. g5 1-0

[Event "XXXIV Memorial Edoardo Crespi Magistrale"]
[Site "Milano ITA"]
[Date "2013.12.05"]
[Round "6"]
[White "Bejtovic, Jasmin"]
[Black "Andreoni, Giuseppe"]
[WhiteElo "2394"]
[BlackElo "2082"]
[Result "1-0"]
[PlyCount "87"]
[EventDate "2013.11.30"]

1. Nf3 Nf6 2. c4 g6 3. g3 Bg7 4. Bg2 O-O 5. O-O d5 6. cxd5 Nxd5 7. Nc3 c5 8.
Nxd5 Qxd5 9. d3 Nc6 10. Be3 Bd7 11. Nd4 Qd6 12. Nxc6 Bxc6 13. Bxc6 Qxc6 14. Rc1
Qe6 15. Rxc5 Qxa2 16. Rb5 Qa6 17. Qb3 b6 18. Rb4 Rab8 19. Ra4 Qb7 20. Rfa1 a5
21. Rc1 Rfc8 22. Rxc8+ Qxc8 23. Rc4 Qd7 24. Bf4 e5 25. Be3 Bf8 26. Re4 Bg7 27.
Bd2 Qd6 28. Qb5 Rc8 29. Be3 h5 30. Qxb6 Qxb6 31. Bxb6 Rb8 32. Bxa5 Rxb2 33. Bc3
Rb5 34. Rc4 Rb7 35. Kg2 Kh7 36. Rc6 Rb3 37. Rc7 g5 38. Rc5 Bf8 39. Rc8 Bg7 40.
h3 g4 41. Rc4 f5 42. Rc5 e4 43. Bxg7 exd3 44. exd3 1-0

[Event "XXXIV Memorial Edoardo Crespi Magistrale"]
[Site "Milano ITA"]
[Date "2013.12.05"]
[Round "6"]
[White "Bemporad, Filippo"]
[Black "Vezzosi, Paolo"]
[WhiteElo "2026"]
[BlackElo "2263"]
[Result "1-0"]
[PlyCount "61"]
[EventDate "2013.11.30"]

1. d4 d5 2. Nf3 Nf6 3. g3 c6 4. Bg2 Bf5 5. O-O e6 6. c4 Nbd7 7. Nfd2 Be7 8. Nc3
O-O 9. e4 dxe4 10. Ndxe4 Qb6 11. b3 Rfd8 12. Be3 Ng4 13. Bf4 Ndf6 14. c5 Qb4
15. a3 Qxd4 16. Qxd4 Rxd4 17. Nd6 Bxd6 18. Bxd6 Rd3 19. Rfc1 Nd5 20. Nxd5 exd5
21. b4 Nf6 22. Bf1 Rb3 23. Re1 Ne4 24. Bf4 a6 25. Be2 Nc3 26. Bf1 Be4 27. f3
Bxf3 28. Re3 Bg4 29. Rae1 f6 30. Rc1 d4 31. Bc4+ 1-0

[Event "XXXIV Memorial Edoardo Crespi Magistrale"]
[Site "Milano ITA"]
[Date "2013.12.05"]
[Round "6"]
[White "Bonazzi, Edoardo"]
[Black "Pelizzola, Danilo"]
[WhiteElo "2099"]
[BlackElo "2117"]
[Result "1/2-1/2"]
[PlyCount "26"]
[EventDate "2013.11.30"]

1. c4 Nf6 2. g3 d5 3. Bg2 c6 4. e3 g6 5. b3 Bg7 6. Bb2 O-O 7. Ne2 e6 8. O-O
Nbd7 9. Nbc3 b6 10. Qc2 Bb7 11. Rac1 Rc8 12. d4 Qc7 13. Rfd1 Rfd8 1/2-1/2